Kinevezés

Správa o tom, že ku okresnému súdu v Humennom bol za podsudcu menovaný Dr. Juraj Neuwirth zo súdnej stolice v Sátoraljaujhely.

Podrobná bibliografia
Médium: Článok
Jazyk:Hungarian
Témy:
Zdroj: 1. Felvidéki Hirlap 1. Roč. 7, č. 17 (03.05.1914) s. 2
LEADER 00999nab#a2200325#ar4500
001 000074474
003 SVKKK
005 20041220xxxxxxx.
008 06 c xo huno
FMT
038 |a SVKKK 
040 |a SVKKK  |b slo  |e AACR2 
041 0 |a hun 
044 |a xo  |c SK 
080 |a 347.961 
080 |a 347.962 
242 1 0 |a Vymenovanie 
245 0 0 |a Kinevezés 
500 |a mikrofilm 
520 2 |a Správa o tom, že ku okresnému súdu v Humennom bol za podsudcu menovaný Dr. Juraj Neuwirth zo súdnej stolice v Sátoraljaujhely. 
650 0 4 |a Neuwirth, Juraj (notár) - súdna stolica, Sátoraljaujhely - pôsobenie ukončené - Humenné - podsudca (funkcia) - okresný súd, Humenné - vymenovanie úradné - rok 1914 - správy 
773 0 |t Felvidéki Hirlap  |g Roč. 7, č. 17 (03.05.1914) s. 2 
957 |a Humenné 
957 |a Sátoraljaujhely (HU) 
958 |a DG 
958 |a SK 
974 |a Ba  |d 20041220 
992 |a RBX 
BAS
998 |a RETRO